| 000 | 00887nam a2200265 i 4500 | ||
|---|---|---|---|
| 001 | 15301 | ||
| 003 | BD-RjUL | ||
| 005 | 20211208235805.0 | ||
| 008 | 140209s1965 ilu b 001 0 eng d | ||
| 035 |
_a(BD-RjUL)15355 _a(OCoLC)01670550 |
||
| 040 |
_aDLC _cDLC _dMYG _dBD-RjUL _beng |
||
| 041 | _aeng | ||
| 082 | 0 | 4 |
_a658.1511 _bANM 1965 _219 |
| 100 | 1 |
_aAnthony, Robert N., _q(Robert Newton), _d1916-2006. _945844 |
|
| 245 | 1 | 0 |
_aManagement accounting principles / _cRobert N. Anthony. |
| 260 |
_aHomewood, Ill. : _bR. D. Irwin, _c1965. |
||
| 300 |
_axii, 444 p. ; _c24 cm. |
||
| 490 | 1 | _aWillard J. Graham series in accounting | |
| 504 | _aIncludes bibliographical references and index. | ||
| 650 | 0 |
_aManagerial accounting. _947556 |
|
| 650 | 0 |
_aCost accounting. _947557 |
|
| 830 | 0 |
_aWillard J. Graham series in accounting. _9218326 |
|
| 942 |
_2ddc _cBK |
||
| 999 |
_c15301 _d15301 |
||